|
|
|
|
| LEADER |
02712nam a2200709 a 4500 |
| 001 |
nkc20091851883 |
| 003 |
CZ PrNK |
| 005 |
20220127103507.0 |
| 007 |
ta |
| 008 |
090119s2009 xr ach f 001 0bcze |
| 015 |
|
|
|a cnb001851883
|
| 020 |
|
|
|a 978-80-200-1676-8
|q (váz.)
|
| 035 |
|
|
|a (OCoLC)320221521
|
| 040 |
|
|
|a ABA001
|b cze
|d BOA001
|
| 041 |
1 |
|
|a cze
|h eng
|
| 043 |
|
|
|a e-sz---
|
| 045 |
|
|
|a s9t4
|
| 072 |
|
7 |
|a 61
|x Lékařské vědy. Lékařství
|2 Konspekt
|9 14
|
| 072 |
|
7 |
|a 929
|x Biografie
|2 Konspekt
|9 8
|
| 080 |
|
|
|a 616-051
|2 MRF
|
| 080 |
|
|
|a 5-051
|2 MRF
|
| 080 |
|
|
|a [133.5:54]-051
|2 MRF
|
| 080 |
|
|
|a 61(091)
|2 MRF
|
| 080 |
|
|
|a 133.5:54
|2 MRF
|
| 080 |
|
|
|a 5(091)
|2 MRF
|
| 080 |
|
|
|a 929
|2 MRF
|
| 080 |
|
|
|a (494)
|2 MRF
|
| 080 |
|
|
|a (048.8)
|2 MRF
|
| 100 |
1 |
|
|a Ball, Philip,
|d 1962-
|7 xx0084694
|4 aut
|
| 245 |
1 |
0 |
|a Ďáblův doktor :
|b Paracelsus a svět renesanční magie a vědy /
|c Philip Ball ; [z anglického originálu ... přeložil Karel Kopička]
|
| 246 |
3 |
0 |
|a Paracelsus a svět renesanční magie a vědy
|
| 250 |
|
|
|a Vyd. 1.
|
| 260 |
|
|
|a Praha :
|b Academia,
|c 2009
|
| 300 |
|
|
|a 487 s. :
|b il., portréty, faksim. ;
|c 21 cm
|
| 490 |
1 |
|
|a Galileo ;
|v sv. 26
|
| 504 |
|
|
|a Obsahuje bibliografii, bibliografické odkazy a rejstřík
|
| 600 |
0 |
7 |
|a Paracelsus,
|d 1493-1541
|7 jn19981001941
|2 czenas
|
| 648 |
|
4 |
|a 1493-1541
|
| 650 |
0 |
7 |
|a lékaři
|7 ph122495
|z Švýcarsko
|y 16. století
|2 czenas
|
| 650 |
0 |
7 |
|a přírodovědci
|7 ph137317
|z Švýcarsko
|y 16. století
|2 czenas
|
| 650 |
0 |
7 |
|a alchymisté
|7 ph196734
|z Švýcarsko
|y 16. století
|2 czenas
|
| 650 |
0 |
7 |
|a dějiny lékařství
|7 ph484341
|y 16. století
|2 czenas
|
| 650 |
0 |
7 |
|a lékařství
|7 ph115195
|z Švýcarsko
|y 16. století
|2 czenas
|
| 650 |
0 |
7 |
|a alchymie
|7 ph118340
|y 16. století
|2 czenas
|
| 650 |
0 |
7 |
|a dějiny přírodních věd
|7 ph484316
|y 16. století
|2 czenas
|
| 650 |
0 |
9 |
|a physicians
|z Switzerland
|y 16th century
|2 eczenas
|
| 650 |
0 |
9 |
|a naturalists
|z Switzerland
|y 16th century
|2 eczenas
|
| 650 |
0 |
9 |
|a alchemists
|z Switzerland
|y 16th century
|2 eczenas
|
| 650 |
0 |
9 |
|a history of medicine
|2 eczenas
|
| 650 |
0 |
9 |
|a medicine
|z Switzerland
|y 16th century
|2 eczenas
|
| 650 |
0 |
9 |
|a alchemy
|2 eczenas
|
| 650 |
0 |
9 |
|a history of natural sciences
|2 eczenas
|
| 655 |
|
7 |
|a monografie
|7 fd132842
|2 czenas
|
| 655 |
|
9 |
|a monographs
|2 eczenas
|
| 765 |
0 |
|
|t Devil's doctor
|9 Česky
|
| 830 |
|
0 |
|a Galileo
|0 s
|
| 856 |
4 |
1 |
|u http://www.digitalniknihovna.cz/mzk/uuid/uuid:9b941410-c5f1-11e3-aec3-005056827e52
|y Digitalizovaný dokument
|x NDK
|
| 910 |
2 |
|
|a BOA001
|b 2-1222.119
|
| 990 |
|
|
|a BK
|
| 995 |
|
|
|a 01
|
| 991 |
|
|
|b 200904
|c NOV
|
| 996 |
6 |
|
|b 2610373726
|c 2-1222.119
|l MZK
|r Sklad / do 1 hodiny
|n 9
|p p.v.
|w 000935669
|u 000010
|a 1
|e BOA001
|j MZK50
|s P
|